00608nam a2200157 u 450000100100000000500170001000800410002702000150006804000250008308200160010824501190012426000960024330000110033960000460035065000540039600000179720200929145715.0090715s1999 bl o 000 0 por d a8570042078 aDO-SdBNPbspacBNPHU a923.2bB23800aRui Barbosa :bfotobiografia /c[projeto, seleção de imagens e frases de Rui Barbosa, Mario Brockmann Machado. a[Rio de Janeiro] :bFundação Casa de Rui Barbosa : Fundação Banco do Brasil,c1999. a119 p.14aBARBOSA, RUId1849-1923vOBRAS ILUSTRADAS 4aPolíticoszBrasilxBiografiasxObras ilustradas